• 首页
  • 本馆介绍
  • 公告通知
  • 最新文献
  • 馆藏检索
  • 电子资源
  • 读者导购
  • 参考咨询
  • 我的图书馆
  • 登录
  • 详细信息显示
  • 放入我的书架
  • 预约/预借图书
  • 作者相关作品
  • 分类相关作品
  • 丛书相关作品
  • 出版社相关作品

书目信息

  • 表格格式
  • 工作单格式
  • 卡片格式
题名:
中考英语百科讲坛
    
 
作者: 程浩 主编
分册:   综合阅读专项3
出版信息: 沈阳   辽宁人民出版社  2019.04
页数: 168页
开本: 29cm
丛书名:
单 册:
中图分类: G634.413
科图分类:
主题词: 英语--阅读教学--初中--升学参考资料
电子资源:
ISBN: 978-7-205-09568-0
000 00990nam0 2200253 450
001 012001002115
005 20141203112304.0
010    @a978-7-205-09568-0@dCNY39.80
100    @a20220905d2019 demy0chiy50 ea
101 0  @achi@aeng
102    @aCN@b210000
105    @ay z 000yy
106    @ar
200 1  @a中考英语百科讲坛@Azhong kao ying yu bai ke jiang tan@i综合阅读专项3@f程浩主编
210    @a沈阳@c辽宁人民出版社@d2019.04
215    @a168页@d29cm
300    @a根据《2019中考考试说明》编写
330    @a《初中英语百科讲坛阅读》系列丛书所选择的语言材料是初中生最感兴趣、最前沿、最吸引人的话题,其目的是在提高阅读能力的同时来帮助学生形成文化意识,享受智慧人生。英语知识与百科知识并存,阅读能力提高与中考题型训练并重,是考前冲刺和平日自我检测的首选材料。
606 0  @a英语@x阅读教学@x初中@j升学参考资料
690    @aG634.413@v5
696    @aH315.1-454@v4@2sef
701  0 @a程浩@Acheng hao@4主编
801  0 @aCN@bAHXH@c20221111
905    @b1372198-202@dG634.413@e2715@f5
    
    中考英语百科讲坛.综合阅读专项3/程浩主编.-沈阳:辽宁人民出版社,2019.04
    168页;29cm
    根据《2019中考考试说明》编写
    
    ISBN 978-7-205-09568-0:CNY39.80
    《初中英语百科讲坛阅读》系列丛书所选择的语言材料是初中生最感兴趣、最前沿、最吸引人的话题,其目的是在提高阅读能力的同时来帮助学生形成文化意识,享受智慧人生。英语知识与百科知识并存,阅读能力提高与中考题型训练并重,是考前冲刺和平日自我检测的首选材料。
●
相关链接 在E读中查询图书 在五车中查询图书 在当当中查询图书 在豆瓣中查询图书


正题名:中考英语百科讲坛     索取号:G634.413/2715         预约/预借

序号 登录号 条形码 馆藏地/架位号 状态 备注
1 1372198   213721980   第一样本阅览室/ [索取号:G634.413/2715] 在馆    
2 1372199   213721999   教育系资料室/ [索取号:G634.413/2715] 在馆    
3 1372200   213722006   教育系资料室/ [索取号:G634.413/2715] 在馆    
4 1372201   213722015   第四借阅区/ [索取号:G634.413/2715] 在馆    
5 1372202   213722024   第四借阅区/ [索取号:G634.413/2715] 在馆    
唐山师范学院图书馆 欢迎您!
大连网信软件有限公司© 版权所有